000 00675nam a22002177a 4500
003 0
005 20240920135843.0
008 240920b xxu||||| |||| 00| 0 eng d
020 _a978-19-167841-8-5
050 _aRC 483
_b.D38 2024
100 _aDavis, Hanry
245 _aMood disorders diagnosis and treatment
_cHanry Davis
250 _aFirst edition
260 _aLondon, United Kingdom
_bVintage Press Ltd.
_c2024
300 _axi, 300 pages :
_bblack and white pictures ;
_c25cm.
504 _aIncludes bibliographical references and index.
650 _aMood disorders.
650 _aMood--Psychology.
650 _aMood--Treatment.
942 _2lcc
_cBK
999 _c366288
_d366288